000 00486nam a2200169Ia 4500
001 38886
008 140423s9999 xx 000 0 und d
020 _a9780195474220
040 _cPK-LaUMT
082 _a 954.0317
_bSAL-E
100 _aSalahuddin Malik
245 _a1857 war of independence or clash of civilizations?
_bBritish public reactions
_cSalahuddin Malik
260 _aKarachi,Pakistan:
_bOxford University Press,
_c2008
300 _a288 p.
546 _aEN
942 _cBK
999 _c38207
_d38207